000 00317nam a22001337a 4500
008 170313b xxu||||| |||| 00| 0 eng d
020 _a0127090606
041 _aeng
080 _23RD
_a591
100 _a7
101 _aSHM
245 _aTRACE ELEMENTS IN HUMAN AND ANIMAL NUTRITION
_cUNDERWOOD, E.J
942 _2udc
_cBK
999 _c7681
_d7681